La novela romana / (Record no. 186105)
[ view plain ]
| 000 -LEADER | |
|---|---|
| campo de control de longitud fija | 01142nam a2200313 i 4500 |
| 001 - NÚMERO DE CONTROL | |
| campo de control | 186105 |
| 003 - IDENTIFICADOR DE NÚMERO DE CONTROL | |
| campo de control | SpMaBN |
| 005 - FECHA Y HORA DE LA ÚLTIMA TRANSACCIÓN | |
| campo de control | 20251201193359.0 |
| 008 - DATOS DE LONGITUD FIJA--INFORMACIÓN GENERAL | |
| campo de control de longitud fija | 160908s1964 sp |||| |dspa d |
| 080 ## - NÚMERO DE LA CLASIFICACIÓN DECIMAL UNIVERSAL | |
| Número de la Clasificación Decimal Universal | 821.124'02-31"00/01" |
| 245 03 - MENCIÓN DEL TÍTULO | |
| Título | La novela romana / |
| Mención de responsabilidad, etc. | traducción, estudios preliminares y notas de Juan B. Bergua. |
| 246 34 - FORMA VARIANTE DEL TITULO | |
| Texto de visualización | En cub. |
| Título propio/Titulo breve | La Luciada / Loukianos |
| 260 ## - PUBLICACIÓN, DISTRIBUCIÓN, ETC. | |
| Lugar de publicación, distribución, etc. | Madrid : |
| Nombre del editor, distribuidor, etc. | Clásicos Bergua, |
| Fecha de publicación, distribución, etc. | [1964] |
| 300 ## - DESCRIPCIÓN FÍSICA | |
| Extensión | 695 p. ; |
| Dimensiones | 17 cm. |
| 490 1# - MENCIÓN DE SERIE | |
| Mención de serie | Tesoro literario ; |
| Designación de volumen o secuencia | 10 |
| 505 8# - NOTA DE CONTENIDO CON FORMATO | |
| Nota de contenido con formato | Contiene: ; |
| Título | Breve historia de la novela romana ; |
| -- | El satiricón / |
| Mención de responsabilidad | Petronio. -- |
| Título | La metamorfosis (El asno de oro) / |
| Mención de responsabilidad | Apuleyo. -- |
| Título | Lucio o El asno / |
| Mención de responsabilidad | Loukianos |
| 700 1# - ENTRADA AGREGADA--NOMBRE PERSONAL | |
| Nombre de persona | Petronio Arbitro, Cayo. |
| 9 (RLIN) | 91550 |
| 700 1# - ENTRADA AGREGADA--NOMBRE PERSONAL | |
| Nombre de persona | Apuleyo, Lucio. |
| 9 (RLIN) | 22131 |
| 700 0# - ENTRADA AGREGADA--NOMBRE PERSONAL | |
| Nombre de persona | Luciano de Samosata. |
| 9 (RLIN) | 74580 |
| 700 1# - ENTRADA AGREGADA--NOMBRE PERSONAL | |
| Nombre de persona | Bergua, Juan B., |
| Fechas asociadas al nombre | 1892-1991 |
| 9 (RLIN) | 28018 |
| 740 32 - ENTRADA AGREGADA--TÍTULO RELACIONADO/ANALÍTICO NO CONTROLADO | |
| Título relacionado o analítico no controlado | El satiricón. |
| 740 32 - ENTRADA AGREGADA--TÍTULO RELACIONADO/ANALÍTICO NO CONTROLADO | |
| Título relacionado o analítico no controlado | La metamorfosis. |
| 740 32 - ENTRADA AGREGADA--TÍTULO RELACIONADO/ANALÍTICO NO CONTROLADO | |
| Título relacionado o analítico no controlado | El asno de oro. |
| 740 02 - ENTRADA AGREGADA--TÍTULO RELACIONADO/ANALÍTICO NO CONTROLADO | |
| Título relacionado o analítico no controlado | Lucio. |
| 740 32 - ENTRADA AGREGADA--TÍTULO RELACIONADO/ANALÍTICO NO CONTROLADO | |
| Título relacionado o analítico no controlado | El asno. |
| 830 0# - PUNTO DE ACCESO ADICIONAL DE SERIE-TÍTULO UNIFORME | |
| Título uniforme | Tesoro literario ; |
| Designación de volumen o secuencia | 10 |
| 9 (RLIN) | 184264 |
| 852 ## - LOCALIZACIÓN | |
| Ubicación | ES-MaACL |
| Número de control de estantería | L-30654 |
| Nota libre | . - Donat. Miguel A. Velasco |
| Estatus retirado | Estado de pérdida | Estado de daño | No para préstamo | Biblioteca de origen | Biblioteca actual | Ubicación en estantería | Fecha de adquisición | Fuente de adquisición | Total de préstamos | Signatura topográfica completa | Código de barras | Visto por última vez | Precio de reemplazo | Tipo de ítem Koha |
|---|---|---|---|---|---|---|---|---|---|---|---|---|---|---|
| Biblioteca del Ateneo de Madrid | Biblioteca del Ateneo de Madrid | Depósito 2 | 08/09/2016 | L-30654 | 1196210 | 23/02/2023 | 23/02/2023 | Libro impreso |
